000 00325nam a22001337a 4500
008 170622b xxu||||| |||| 00| 0 eng d
020 _a9781860643576
041 _aeng
080 _a32
100 _a20
101 _aSHP
245 _aTHE JEWS OF EUROPE AND THE INQUISTION OF VENIE, 1550-1670
_cPULLAN,B
942 _2udc
_cBK
999 _c18582
_d18582